00159nam a2200061Ia 4500008004100000100001800041245003800059120527s9999 xx 000 0 und d aGeorge, Banta aWorking with the study of society